Turbulence (Record no. 5373)

000 -LEADER
fixed length control field 00511nam a2200205 i 4500
001 - CONTROL NUMBER
control field 5373
003 - CONTROL NUMBER IDENTIFIER
control field BD-DhUET
008 - FIXED-LENGTH DATA ELEMENTS--GENERAL INFORMATION
fixed length control field 750220s1975 nyua b 001 0 eng
020 ## - INTERNATIONAL STANDARD BOOK NUMBER
International Standard Book Number 0070290377
040 ## - CATALOGING SOURCE
Original cataloging agency DLC
Transcribing agency DLC
Modifying agency BD-DhUET
082 00 - DEWEY DECIMAL CLASSIFICATION NUMBER
Classification number 532.56
Item number HIN/1975
100 1# - MAIN ENTRY--PERSONAL NAME
Personal name Hinze, J. O.
245 00 - TITLE STATEMENT
Title Turbulence
250 ## - EDITION STATEMENT
Edition statement 2nd ed.
260 ## - PUBLICATION, DISTRIBUTION, ETC. (IMPRINT)
Place of publication, distribution, etc. New York
Name of publisher, distributor, etc. McGraw-Hill
Date of publication, distribution, etc. 1975
300 ## - PHYSICAL DESCRIPTION
Extent x,790p.
Other physical details ill.
Dimensions 24 cm.
490 0# - SERIES STATEMENT
Series statement McGraw-Hill series in mechanical engineering
650 #0 - SUBJECT ADDED ENTRY--TOPICAL TERM
Topical term or geographic name as entry element Turbulence
942 ## - ADDED ENTRY ELEMENTS (KOHA)
Koha item type General Book
Holdings
Damaged status Source of classification or shelving scheme Withdrawn status Not for loan Date acquired Sublocation or collection (holding branch) Copy number Koha date last borrowed Shelving location Piece designation (barcode) Lost status Koha item type Location (home branch) Koha date last seen Koha issues (times borrowed) Koha full call number Koha normalized classification for sorting Price effective from
    2014-11-26Central Library, BUET1 Circulation section63813 General BookCentral Library, BUET2014-11-26 532.56/HIN/1975532_560000000000000_HIN_19752014-11-26
    2014-11-26Central Library, BUET2 Circulation section63816 General BookCentral Library, BUET2014-11-26 532.56/HIN/1975532_560000000000000_HIN_19752014-11-26
    2014-12-07Central Library, BUET3 Circulation section44334 General BookCentral Library, BUET2014-12-07 532.56/HIN/1975532_560000000000000_HIN_19752014-12-07
    2014-12-07Central Library, BUET4 Circulation section63807 General BookCentral Library, BUET2014-12-07 532.56/HIN/1975532_560000000000000_HIN_19752014-12-07
    2014-12-07Central Library, BUET52015-03-25Circulation section63812 General BookCentral Library, BUET2015-03-291532.56/HIN/1975532_560000000000000_HIN_19752014-12-07
    2014-12-07Central Library, BUET6 Circulation section63805 General BookCentral Library, BUET2014-12-07 532.56/HIN/1975532_560000000000000_HIN_19752014-12-07
    2014-12-07Central Library, BUET7 Circulation section63810 General BookCentral Library, BUET2014-12-07 532.56/HIN/1975532_560000000000000_HIN_19752014-12-07
    2014-12-07Central Library, BUET8 Circulation section63808 General BookCentral Library, BUET2014-12-07 532.56/HIN/1975532_560000000000000_HIN_19752014-12-07
    2014-12-07Central Library, BUET9 Circulation section63809 General BookCentral Library, BUET2014-12-07 532.56/HIN/1975532_560000000000000_HIN_19752014-12-07
    2014-12-07Central Library, BUET102022-11-14Circulation section63806 General BookCentral Library, BUET2023-02-281532.56/HIN/1975532_560000000000000_HIN_19752014-12-07
    2014-12-07Central Library, BUET112015-05-26Circulation section63815 General BookCentral Library, BUET2015-09-141532.56/HIN/1975532_560000000000000_HIN_19752014-12-07
    2015-03-09Central Library, BUET12 Circulation section39158 General BookCentral Library, BUET2015-03-09 532.56/HIN/1975532_560000000000000_HIN_19752015-03-09
    2015-06-07Central Library, BUET13 Reading section58968 Reading ItemCentral Library, BUET2015-06-07 532.56/HIN/1975532_560000000000000_HIN_19752015-06-07
    2015-06-07Central Library, BUET14 Reading section60653 Reading ItemCentral Library, BUET2015-06-07 532.56/HIN/1975532_560000000000000_HIN_19752015-06-07
    2015-06-23Central Library, BUET15 Reading section52729 Reading ItemCentral Library, BUET2015-06-23 532.56/HIN/1975532_560000000000000_HIN_19752015-06-23
    1985-06-29Central Library, BUET162024-11-27Circulation section63811 General BookCentral Library, BUET2024-11-271532.56 HIN/1975532_560000000000000_HIN_19752024-11-16
    2024-11-16Central Library, BUET     General BookCentral Library, BUET2024-11-16 532.56 HIN/1975532_560000000000000_HIN_19752024-11-16
    2025-09-03Central Library, BUET18 Circulation section39159 General BookCentral Library, BUET2024-11-16 532.56 HIN/1975532_560000000000000_HIN_19752024-11-16